Statistics for Joseph Fiennes Filmography

Click here to take the quiz!

General Stats

  • This quiz has been taken 10 times
    (2 since last reset)
  • The average score is 2 of 66

Answer Stats

TypeYearName% Correct
Film1998Shakespeare in Love
100%
Film1998Elizabeth
50%
Film2023The Mother
50%
Theater2008 2,000 Feet Away
0%
Film2009Against the Current
0%
Short Film2010A Lost and Found Box of Human Sensation
0%
TV Show2012-2013American Horror Story
0%
Theater1994A Month in the Country
0%
TV Short1998Animated Epics: Beowulf
0%
Theater1996-1997As You Like It
0%
Theater1995A View from the Bridge
0%
TV Show2011Camelot
0%
TV Show2019Cyrano
0%
Theater2009Cyrano de Bergerac
0%
Theater2023-2024Dear England
0%
Film2001Dust
0%
Theater2001Edward II
0%
Film2001Enemy at the Gates
0%
Theater2005-2006Epitaph for George Dillon
0%
Documentary Series2019Fiennes: Return to the Nile
0%
TV Show2009-2010FlashForward
0%
Film1999Forever Mine
0%
Film2007Goodbye Bafana
0%
Film2014Hercules
0%
Film2002Killing Me Softly
0%
Film2002Leo
0%
Theater1996Les Enfants du Paradis
0%
Theater2003Love's Labour's Lost
0%
Film2003Luther
0%
Film2005Man to Man
0%
Film1998Martha, Meet Frank, Daniel and Laurence
0%
Film2024National Theatre Live: Dear England
0%
Film2016On Wings of Eagles
0%
Theater2002Othello
0%
TV Pilot2008Pretty/Handsome
0%
Film2015Psy
0%
Film2000Rancid Aluminum
0%
Theater1998Real Classy Affair
0%
Film2016Risen
0%
Theater2016Ross
0%
Film2006Running with Scissors
0%
Web Series2019Sherwood
0%
Film2003Sinbad: Legend of the Seven Seas
0%
Theater1996-1997Son of Man
0%
Film2008Spring 1941
0%
Film1996Stealing Beauty
0%
Film2015Strangerland
0%
Film2006The Darwin Awards
0%
Film2008The Escapist
0%
Film2014The Games Maker
0%
Documentary Series2013The Great British Year
0%
Film2005The Great Raid
0%
Web Series2017-PresentThe Handmaid's Tale
0%
Theater1996-1997The Herbal Bed
0%
FilmTBAThe Ice Man
0%
Film2004The Merchant of Venice
0%
Film2008The Red Baron
0%
Director2007The Spirit
0%
TV Film1995The Vacillations of Poppy Carew
0%
FilmTBAThe Way of the Wind
0%
Podcast2022The Witch Farm
0%
Theater1993The Woman in Black
0%
Theater1996-1997Troilus and Cressida
0%
TV Show2017Urban Myths
0%
Theater2001War Poet's Reading
0%
Short Film2008You Me and Captain Longbridge
0%

Score Distribution

Percentile by Number Answered

Percent of People with Each Score

Your Score History

You have not taken this quiz since the last reset